Regulation of histone H3 expression in alfalfa Egyetemi doktori fokozatának PhD fokozattá történő átminősítésére benyújtott tézis /

Elmentve itt :
Bibliográfiai részletek
Szerző: Kapros Tamás
További közreműködők: Waterborg Jakob (Témavezető)
Dudits Dénes (Témavezető)
Dokumentumtípus: Disszertáció
Megjelent: 1996
Kulcsszavak:Biológia
Tárgyszavak:
Online Access:http://doktori.ek.szte.hu/4476
LEADER 01054nta a2200241 i 4500
001 dokt4476
005 20260203101917.0
008 220408s1996 hu om 000 eng d
040 |a SZTE Doktori Repozitórium  |b hun 
041 |a eng 
100 1 |a Kapros Tamás 
245 1 0 |a Regulation of histone H3 expression in alfalfa   |h [elektronikus dokumentum] :  |b Egyetemi doktori fokozatának PhD fokozattá történő átminősítésére benyújtott tézis /  |c  Kapros Tamás 
260 |c 1996 
502 |a Disszertacio 
650 4 |a biológiai tudományok 
650 4 |a Természettudományok 
650 4 |a Biológiai tudományok 
695 |a Biológia 
700 0 1 |a Waterborg Jakob  |e ths 
700 0 1 |a Dudits Dénes  |e ths 
856 4 0 |u https://doktori.bibl.u-szeged.hu/id/eprint/4476/1/1996_kapros_tamas_tezis.pdf  |z Dokumentum-elérés  
856 4 0 |u https://doktori.bibl.u-szeged.hu/id/eprint/4476/2/1996_kapros_tamas_biralat.pdf  |z Dokumentum-elérés  
856 4 0 |u https://doktori.bibl.u-szeged.hu/id/eprint/4476/3/1996_kapros_tamas_publikaciok.pdf  |z Dokumentum-elérés